Computer and Mathematics

Enregistré dans:
Détails bibliographiques
Format: Livre
Langue:anglais
Publié: New York : Springer Verlag, 1989
Tags: Ajouter un tag
Pas de tags, Soyez le premier à ajouter un tag!

MARC

LEADER 00000nam a22000003a 4500
001 stu31638
005 20141122061847.9
008 940308s1989----xxu-----------------eng-d
020 |a 3-387-97019-3 
040 |a STU  |b slo 
041 0 |a eng 
044 |a xxu 
080 |a 519.688  |7 stu_us_auth*stu10069 
245 |a Computer and Mathematics 
260 |a New York :  |b Springer Verlag,  |c 1989 
300 |a 326 s 
996 |b J90549  |c J*90549  |l JJST  |s P  |a 0  |w stu31638_0001